LEADER 01327nam a2200289 u 4500 001 000000109581 003 CaOOAMICUS 005 20080208112400.0 008 080208s2005 it u000 u ita u 020 $a88-348-5495-0 040 $aPUL$bita$dBc 100 1 $aMacioce, Fabio.$0(OLS)http://pul/name/59676 245 13$aLa lealtà :$buna filosofia del comportamento processuale /$cFabio Macioce. 260 $aTorino :$bGiappichelli,$cc2005. 300 $a268 p. ;$c23 cm. 490 1 $aRecta Ratio : testi e studi di filosofia del diritto.$aQuinta serie ;$v3. 504 $aBibliografia: p 251-265. 650 4$aFilosofia del diritto.$0(OLS)http://pul/subject/620 650 4$aProcesso civile.$0(OLS)http://pul/subject/21811 830 0$aRecta Ratio : testi e studi di filosofia del diritto.$nQuinta serie ;$v3.$0(OLS)http://pul/title/132078 850 $aPUL 852 $aPUL$W1$xSL Diritto e Scienze Sociali 3$y79$m340. 01 COLL 1.3$j125324$qDDC 21$q $B124054$CPULBib$Z2$F124054 $H106266 $81 941 1 $a9 960 $aDiritto$xFilosofia$9620 996 $6020$a88-348-5495-0$9(OLS)http://pul/number/136990 996 $6245$aLa lealtà :$buna filosofia del comportamento processuale$9(OLS)http://pul/title/137841 996 $6260$aTorino :$bGiappichelli$9(OLS)http://pul/publisher/48244 LEADER 01260nam a2200313 a 4500 001 000000133578 003 CaOOAMICUS 005 20130416110801.0 008 130416s2012 fr u000 u fre r 020 $a978-2-204-09797-0 040 $aPUL$bita 082 04$a103 245 00$aDieu en tant que Dieu :$bla question philosophique /$cPhilippe Capelle-Dumont (éd.) 260 $aParis :$bCerf,$c2012. 300 $a289 p. ;$c22 cm 490 1 $aPhilosophie & théologie 504 $aBibliografia in nota. 650 4$aTeologia e filosofia.$0(OLS)http://pul/subject/121 700 1 $aCapelle-Dumont, Philippe,$d1954-$0(OLS)http://pul/name/65089 830 0$aPhilosophie & théologie (Cerf).$0(OLS)http://pul/title/104748 850 $aPUL 852 $aPUL$W1$xSL Filosofia 3$y81$m103 COLL 3.12$j153510$qDDC 21$B153081$CPULBib$Z2$F153081 $H122210 $82 941 1 $a9 983 0$aPhilosophie et théologie (Cerf) 996 $6020$a978-2-204-09797-0$9(OLS)http://pul/number/152444 996 $6082$a103$9(OLS)http://pul/classification/621 996 $6245$aDieu en tant que Dieu :$bla question philosophique$9(OLS)http://pul/title/168837 996 $6260$aParis :$bCerf$9(OLS)http://pul/publisher/48238